Flagi Mistrzostw Świata FIFA 2026 - Statystyki

Ogólne statystyki
  • Ten quiz został rozwiązany 145 razy
  • Średni wynik to 38 z 42
Statystyki odpowiedzi
Obrazkowy Odpowiedź % Poprawnych
Argentyna
99%
Stany Zjednoczone
99%
Brazylia
98%
Francja
98%
Japonia
98%
Kanada
98%
Urugwaj
98%
Meksyk
97%
Iran
96%
Korea Południowa
96%
Nowa Zelandia
95%
Anglia
94%
Australia
94%
Hiszpania
94%
Maroko
94%
Portugalia
94%
Tunezja
94%
Ekwador
93%
Belgia
91%
Holandia
91%
Chorwacja
90%
Kolumbia
90%
Szwajcaria
90%
Algieria
89%
Niemcy
89%
Norwegia
89%
Paragwaj
89%
Arabia Saudyjska
88%
Austria
88%
Katar
88%
Szkocja
88%
Republika Południowej Afryki
87%
Egipt
86%
Uzbekistan
86%
Ghana
85%
Panama
85%
Senegal
85%
Wybrzeże Kości Słoniowej
81%
Jordania
79%
Curaçao
77%
Haiti
75%
Republika Zielonego Przylądka
72%
Nie znaleziono quizów pasujących do podanych kryteriów
Rozkład punktacji
Procent ludzi z każdym wynikiem
Percentyl według liczby udzielonych odpowiedzi
Twoja historia wyników
Nie rozwiązałeś tego quizu